Normal view
MARC view
Entry Topical Term
001 - CONTROL NUMBER
- control field: 13483
003 - CONTROL NUMBER IDENTIFIER
- control field: BD-RjUL
005 - DATE AND TIME OF LATEST TRANSACTION
- control field: 20240910113911.0
008 - FIXED-LENGTH DATA ELEMENTS
- fixed length control field: 240910|| aca||aabn | a|a d
040 ## - CATALOGING SOURCE
- Original cataloging agency: BD-RjUL
- Transcribing agency: BD-RjUL
150 ## - HEADING--TOPICAL TERM
- Topical term or geographic name entry element: Accounting
- Form subdivision: Financial Reporting
670 ## - SOURCE DATA FOUND
- Source citation: Work cat.: (BD-RjUL)83983: Razzaque, S. I. M. A 13482, Financial Reporting and Corporate Goveranace in Bangladesh :, 2004